Music Quiz

Random Music Quiz

Donnez le titre des chansons d'Alizée en 7 minutes Quiz Stats

 Plays Quiz not verified by Sporcle

Score 0/62 Timer 07:00
0 Plays Today
% Correct
Moi...Lolita
96.4%
Gourmandises
82.1%
J'ai pas vingt ans!
78.6%
L'alizé
75%
J.B.G
75%
J'en ai marre!
75%
Mon Maquis
71.4%
A quoi rêve une jeune fille
71.4%
Mademoiselle Juliette
71.4%
Abracadabra
67.9%
À contre-courant
67.9%
Fifty-Sixty
67.9%
Lui ou toi
64.3%
Parler tout bas
64.3%
Toc de mac
64.3%
Amélie m'a dit
64.3%
Les collines (Never Leave You)
64.3%
Tempête
60.7%
Youpidou
60.7%
Psychédélices
60.7%
L'effet
60.7%
À cause de l'automne
60.7%
I'm fed up!
60.7%
I'm not twenty
60.7%
Veni vedi vici
57.1%
C'est trop tard
57.1%
L'e-mail a des ailes
57.1%
Cœur déjà pris
57.1%
La isla bonita
57.1%
Hey ! Amigo !
53.6%
Amelie
53.6%
% Correct
Décollage
50%
Idéaliser
50%
Youpidoo
50%
Par les paupières
46.4%
Grand Central
46.4%
Limelight
46.4%
Boxing Club
46.4%
Mon Taxi Driver
42.9%
Lilly Town
42.9%
Eden, Eden
42.9%
Mes fantômes
42.9%
Jamais plus
39.3%
La Candida
39.3%
14 décembre
39.3%
Dans mon sac
39.3%
Je veux bien
35.7%
Lonely List
32.1%
À cœur fendre
32.1%
Factory Girl
32.1%
Une fille difficile
32.1%
Mon chevalier
32.1%
Le dernier souffle
28.6%
10 ans
25%
La guerre en dentelle
25%
Jeune fille
21.4%
Happy End
21.4%
Mon petit doigt m'a dit
17.9%
Dear Darlin'
17.9%
Le Tourbillon
17.9%
Si tu es un homme
14.3%
Clara veut la Lune
14.3%

You're not logged in!

Compare scores with friends on all Sporcle quizzes.
OR
Log In

Show Comments

Extras

Created Feb 16, 2014ReportNominate
Tags:chanson, des, les, minute

Top Quizzes Today


Score Distribution

Your Account Isn't Verified!

In order to create a playlist on Sporcle, you need to verify the email address you used during registration. Go to your Sporcle Settings to finish the process.

Report this User

Report this user for behavior that violates our Community Guidelines.

Details: